[Event "Women's World Rapid Championship 2012"]
[Site "Batumi GEO"]
[Date "2012.06.01"]
[Round "5.23"]
[White "Ding, Yixin"]
[Black "Janjghava, Natia"]
[Result "1-0"]
[WhiteTitle "WGM"]
[BlackTitle "WIM"]
[WhiteElo "2353"]
[BlackElo "2306"]
[WhiteFideId "8602972"]
[BlackFideId "13600389"]
[EventDate "2012.05.31"]

1. e4 c5 2. b4 cxb4 3. a3 d5 4. e5 Nc6 5. d4 Qb6 6. Be3 Bf5 7. Nf3 e6 8. Bd3
Nge7 9. O-O Bxd3 10. Qxd3 h5 11. axb4 Nxb4 12. Qb3 Rc8 13. Na3 Nf5 14. Rfb1 Qc6
15. Bd2 a5 16. c3 a4 17. Qb2 Na6 18. Qxb7 Bxa3 19. Rxa3 O-O 20. Qxc6 Rxc6 21.
Rxa4 Rfc8 22. h3 Nc7 23. Rb7 Kf8 24. Raa7 f6 25. exf6 gxf6 26. g4 hxg4 27. hxg4
Nd6 28. Rb3 Ne4 29. Kg2 Nxd2 30. Nxd2 Ne8 31. Nb1 Nd6 32. f3 R8c7 33. Ra2 f5 34.
Re2 fxg4 35. Rxe6 gxf3+ 36. Kxf3 Ne4 37. Rxc6 Rxc6 38. Ke3 Nd6 39. Nd2 Nc4+ 40.
Nxc4 dxc4 41. Rb4 Ke7 42. d5 Rh6 43. Rxc4 Rh5 44. Kd4 Kd6 45. Rc6+ Kd7 46. c4
Rh4+ 47. Kc5 Rh5 48. Rg6 Rh4 49. Rg7+ Ke8 50. d6 Kd8 51. Kd5 Kc8 52. c5 Kd8 53.
Rg8+ 1-0

[Event "Women's World Rapid Championship 2012"]
[Site "Batumi GEO"]
[Date "2012.06.01"]
[Round "6.1"]
[White "Cramling, Pia"]
[Black "Koneru, Humpy"]
[Result "0-1"]
[WhiteTitle "GM"]
[BlackTitle "GM"]
[WhiteElo "2478"]
[BlackElo "2589"]
[WhiteFideId "1700030"]
[BlackFideId "5008123"]
[EventDate "2012.05.31"]

1. d4 d5 2. Nf3 Nf6 3. c4 e6 4. Nc3 Bb4 5. Bg5 Nbd7 6. cxd5 exd5 7. e3 c5 8.
dxc5 O-O 9. Be2 Qa5 10. Nd2 Qxc5 11. O-O Bxc3 12. Rc1 d4 13. Bxf6 Nxf6 14. exd4
Qxd4 15. Rxc3 Be6 16. Nb3 Qa4 17. Nc5 Qxa2 18. Nxe6 Qxe6 19. Bf3 Rad8 20. Qa4
Rd2 21. Qb4 b6 22. Ra3 Rd7 23. Re1 a5 24. Qc3 Qd6 25. Rb3 h6 26. g3 Rc7 27. Qe5
Rd8 28. Qb5 Qd2 29. Re2 Qc1+ 30. Kg2 Rc5 31. Qxb6 Rd1 32. Re8+ Nxe8 33. Bxd1
Qxd1 0-1

[Event "Women's World Rapid Championship 2012"]
[Site "Batumi GEO"]
[Date "2012.06.01"]
[Round "6.4"]
[White "Harika, Dronavalli"]
[Black "Muzychuk, Anna"]
[Result "1/2-1/2"]
[WhiteTitle "GM"]
[BlackTitle "GM"]
[WhiteElo "2508"]
[BlackElo "2598"]
[WhiteFideId "5015197"]
[BlackFideId "14111330"]
[EventDate "2012.05.31"]

1. c4 e5 2. g3 g6 3. Bg2 Bg7 4. Nc3 f5 5. d3 Nf6 6. e4 d6 7. Nge2 O-O 8. O-O c6
9. exf5 Bxf5 10. h3 Be6 11. Kh2 Nbd7 12. f4 Qc7 13. Be3 Rae8 14. Qd2 Nh5 15.
Rae1 exf4 16. Nxf4 Nxf4 17. Bxf4 Be5 18. Ne4 Bxf4 19. Rxf4 Bf5 20. d4 Bxe4 21.
Rfxe4 Rxe4 22. Rxe4 d5 23. Re6 Nf6 24. Qe2 Kf7 25. Re5 dxc4 26. Qxc4+ Kg7 27.
Qe2 Rf7 28. Re6 Nd5 29. Bxd5 cxd5 30. Kg2 Qc4 31. Qe5+ Kh6 32. Qe3+ Kg7 33. Qe5+
Kh6 34. Qe3+ Kg7 35. Qe5+ 1/2-1/2

[Event "Women's World Rapid Championship 2012"]
[Site "Batumi GEO"]
[Date "2012.06.01"]
[Round "6.7"]
[White "Javakhishvili, Lela"]
[Black "Paehtz, Elisabeth"]
[Result "0-1"]
[WhiteTitle "IM"]
[BlackTitle "IM"]
[WhiteElo "2449"]
[BlackElo "2491"]
[WhiteFideId "13601458"]
[BlackFideId "4641833"]
[EventDate "2012.05.31"]

1. Nf3 g6 2. d4 Bg7 3. c4 d6 4. g3 Nf6 5. Bg2 O-O 6. O-O Nc6 7. Nc3 a6 8. Bf4 h6
9. h3 e6 10. Rc1 Nh5 11. Be3 Ne7 12. g4 Nf6 13. Qd2 Kh7 14. Bf4 Nd7 15. e4 Nc6
16. Be3 e5 17. dxe5 Ncxe5 18. Nxe5 dxe5 19. c5 c6 20. Rfd1 Re8 21. Na4 Qh4 22.
Qd6 h5 23. f3 hxg4 24. fxg4 Bh6 25. Bxh6 Qxh6 26. Rf1 Kg8 27. Rc3 Qf8 28. Qd2
Qe7 29. Rcf3 Kg7 30. Qf2 Rf8 31. g5 Rb8 32. Rf6 Kg8 33. Qe3 Qd8 34. Kh1 Nxf6 35.
gxf6 Kh7 36. Qg5 Rh8 37. Qxe5 Be6 38. Qc3 Kg8 39. Nb6 Rh5 40. b4 Qc7 41. Nc4
Bxc4 42. Qxc4 Rd8 43. Rg1 Qe5 44. Rf1 Rd2 45. Qb3 Rg5 46. Rg1 Qxf6 47. Qe3 Rb2
48. a3 Qe5 49. Qd3 Kg7 50. Qd7 Rg3 51. Rf1 Kh6 52. Rxf7 Rb1+ 53. Bf1 Qxe4+ 54.
Kh2 Rg2+ 55. Bxg2 Qe5+ 0-1

[Event "Women's World Rapid Championship 2012"]
[Site "Batumi GEO"]
[Date "2012.06.01"]
[Round "6.8"]
[White "Khurtsidze, Nino"]
[Black "Pogonina, Natalija"]
[Result "1-0"]
[WhiteTitle "IM"]
[BlackTitle "WGM"]
[WhiteElo "2456"]
[BlackElo "2447"]
[WhiteFideId "13600320"]
[BlackFideId "4147855"]
[EventDate "2012.05.31"]

1. d4 Nf6 2. c4 c5 3. d5 b5 4. cxb5 a6 5. b6 e6 6. Nc3 exd5 7. Nxd5 Nxd5 8. Qxd5
Nc6 9. e4 Be7 10. Bc4 O-O 11. Nf3 Rb8 12. Bd2 Rxb6 13. O-O d6 14. Bc3 Be6 15.
Qd3 Bxc4 16. Qxc4 Bf6 17. Rad1 Bxc3 18. Qxc3 Qe7 19. Rfe1 Re8 20. b3 h6 21. h3
Ne5 22. Nxe5 Qxe5 23. Qa5 Rc6 24. Qa4 Rb6 25. Rd5 Qe7 26. f3 Rc8 27. Red1 Qc7
28. Qc4 Re8 29. Qd3 Re6 30. f4 Rb4 31. e5 Rxf4 32. exd6 Qd7 33. Rxc5 Re8 34.
Qxa6 Rfe4 35. Qc6 Qa7 36. d7 Rd8 37. Qxe4 Qxc5+ 38. Kh1 1-0

[Event "Women's World Rapid Championship 2012"]
[Site "Batumi GEO"]
[Date "2012.06.01"]
[Round "6.11"]
[White "Kosintseva, Tatiana"]
[Black "Tan, Zhongyi"]
[Result "0-1"]
[WhiteTitle "GM"]
[BlackTitle "WGM"]
[WhiteElo "2532"]
[BlackElo "2430"]
[WhiteFideId "4133471"]
[BlackFideId "8603642"]
[EventDate "2012.05.31"]

1. e4 d6 2. d4 Nf6 3. Nc3 g6 4. Be3 Bg7 5. Qd2 c6 6. Nf3 Nbd7 7. Bd3 O-O 8. Bh6
e5 9. O-O-O b5 10. Bxg7 Kxg7 11. Ne2 c5 12. dxe5 Nxe5 13. Bxb5 Nxe4 14. Qe3 Nxf3
15. Qxe4 Rb8 16. Qxf3 Rxb5 17. Nc3 Bb7 18. Qg3 Rb6 19. Nd5 Bxd5 20. Rxd5 Qf6 21.
c3 Rfb8 22. Rd2 Qe6 23. Kb1 Ra6 24. b3 Rab6 25. Rb2 a5 26. c4 a4 27. Qc3+ Kg8
28. Re1 Qf5+ 29. Kc1 axb3 30. axb3 h5 31. g3 Kh7 32. Qc2 Qf6 33. Re3 Ra6 34. Ra2
Rba8 35. Rxa6 Rxa6 36. f4 Qd4 37. Rd3 Qg1+ 38. Kd2 Ra2 0-1

[Event "Women's World Rapid Championship 2012"]
[Site "Batumi GEO"]
[Date "2012.06.01"]
[Round "6.12"]
[White "Gvetadze, Sofio"]
[Black "Dzagnidze, Nana"]
[Result "1/2-1/2"]
[WhiteTitle "IM"]
[BlackTitle "GM"]
[WhiteElo "2338"]
[BlackElo "2547"]
[WhiteFideId "13601440"]
[BlackFideId "13601903"]
[EventDate "2012.05.31"]

1. e4 c5 2. Nf3 e6 3. c4 Nc6 4. Nc3 Nf6 5. Be2 b6 6. O-O Bb7 7. d4 cxd4 8. Nxd4
Qb8 9. Be3 Bb4 10. Ndb5 O-O 11. a3 Be7 12. Rc1 Rc8 13. f4 d6 14. Bf3 a6 15. Nd4
Nd7 16. b4 Nxd4 17. Qxd4 Bc6 18. a4 a5 19. b5 Bb7 20. e5 Bxf3 21. Rxf3 Nc5 22.
exd6 Bxd6 23. Ne4 Rd8 24. Nxc5 Bxc5 25. Qe4 Qd6 26. Rff1 Rac8 27. h3 g6 28. Rfd1
Qxd1+ 29. Rxd1 Rxd1+ 30. Kh2 Bxe3 31. Qxe3 Rc5 32. Qe4 Kg7 33. Qb7 Rxc4 34. Qxb6
Rxa4 35. Qc7 Rd5 36. Qc3+ Kf8 37. Qc8+ Ke7 38. Qc7+ Kf8 39. Qc8+ Kg7 40. Qc3+
Kh6 41. Qh8 Rxf4 42. b6 Rb4 43. Qf8+ Kg5 44. Qe7+ Kh6 45. b7 Rdb5 46. Qf8+ Kg5
47. Qe7+ Kf5 48. Qxf7+ Ke5 49. Qc7+ Ke4 50. Qc6+ Ke5 51. Qc7+ Kf6 52. Qd8+ Kf5
53. Qf8+ Ke5 54. Qb8+ Ke4 55. Qa8 Rxb7 56. Qxa5 e5 57. Qc5 R4b5 58. Qc2+ Kd5 59.
Qd3+ Ke6 60. Qc4+ Kf6 61. Qc6+ Kf7 62. Qc4+ Kg7 63. Qe6 Rf7 64. Qe8 Rd5 65. Qe6
Rc5 66. Qd6 Ra5 67. Qe6 h5 68. Qe8 Rf5 69. Qe7+ Kh6 70. Qd8 Ra7 71. Qh8+ Rh7 72.
Qe8 Rhf7 73. Qh8+ Rh7 74. Qe8 Kg5 75. Qd8+ Kh6 76. Qe8 h4 77. Qd8 Rf4 78. Qd6
Rf5 79. Qd8 Kh5 80. Qd1+ Kg5 81. Qd8+ Rf6 82. Qd2+ Rf4 83. Qd8+ Kh5 84. Qd6 Rf5
85. Qd1+ Kh6 86. Qd8 Rf4 87. Qd6 Rf5 88. Qd8 Kh5 89. Qd1+ Kg5 90. Qd8+ Rf6 91.
Qd2+ Rf4 92. Qd8+ Kf5 93. Qf8+ Ke6 94. Qg8+ Rhf7 95. Qxg6+ R7f6 96. Qe8+ Kd5 97.
Qa8+ Rc6 98. Qd8+ Kc4 99. Qe8 Rc5 100. Qa4+ Kd3 101. Qb3+ Kd4 102. Qb4+ Rc4 103.
Qd6+ Ke4 104. Qg6+ Ke3 105. Qb6+ Rcd4 106. Qb3+ Rd3 107. Qb6+ Rfd4 108. Qh6+ Rf4
109. Qb6+ Rdd4 110. Qb3+ Ke4 111. Qb7+ Rd5 112. Qb1+ Rd3 113. Qb4+ Kd5 114. Qb5+
Kd4 115. Qb4+ Ke3 116. Qe1+ Kd4 117. Qb4+ Kd5 118. Qb5+ Ke4 119. Qb4+ Rd4 120.
Qb1+ Kd5 121. Qb5+ Ke6 122. Qe8+ Kf5 123. Qc8+ Ke4 124. Qc6+ Ke3 125. Qc3+ Ke2
126. Qb2+ Kd3 127. Qb3+ Ke4 128. Qb7+ Rd5 129. Qb1+ Ke3 130. Qb3+ Rd3 131. Qb6+
Rfd4 132. Qh6+ Rf4 133. Qb6+ 1/2-1/2

[Event "Women's World Rapid Championship 2012"]
[Site "Batumi GEO"]
[Date "2012.06.01"]
[Round "6.14"]
[White "Socko, Monika"]
[Black "Zhukova, Natalia"]
[Result "1-0"]
[WhiteTitle "GM"]
[BlackTitle "GM"]
[WhiteElo "2484"]
[BlackElo "2442"]
[WhiteFideId "1106619"]
[BlackFideId "14101513"]
[EventDate "2012.05.31"]

1. d4 d5 2. c4 e6 3. Nf3 c5 4. cxd5 exd5 5. Nc3 Nc6 6. g3 Nf6 7. Bg2 Be7 8. O-O
O-O 9. dxc5 Bxc5 10. Na4 Be7 11. Be3 Re8 12. Rc1 Bg4 13. Nc5 Bxc5 14. Bxc5 Qd7
15. Re1 Rac8 16. Qa4 h6 17. Qa3 Ne4 18. Be3 Nd6 19. Red1 Nf5 20. Bf4 Rxe2 21. h3
Bxf3 22. Qxf3 Ncd4 23. Rxc8+ Qxc8 24. Qxd5 Rxb2 25. Rxd4 Nxd4 26. Qxd4 Rxa2 27.
Be5 Qc1+ 28. Kh2 Rd2 29. Qg4 g6 30. Qf4 Rd1 31. Qf6 Kf8 32. Bxb7 Qg5 33. Qg7+
Ke7 34. Bf4 Qf6 35. Qxh6 Qb6 36. Qh4+ Kf8 37. Qh8+ Ke7 38. Qe5+ Kd7 39. Bg2 Qxf2
40. Qc7+ Ke8 41. Qc8+ Ke7 42. Qc7+ Ke8 43. Qb8+ Ke7 44. Qb4+ Kf6 45. Qc3+ Ke7
46. Bg5+ f6 47. Qb4+ Kd8 48. Qa5+ Kc8 49. Qc3+ Kd7 50. Be3 Qf5 51. Qc6+ Kd8 52.
Bxa7 Rd2 53. Qa8+ Ke7 54. Qb7+ Rd7 55. Qb4+ Kf7 56. Bc5 Kg7 57. Bf8+ Kh7 58.
Qh4+ Kg8 59. Bb4 Qe5 60. Qg4 Qf5 61. Qc4+ Kg7 62. Qc8 Rf7 63. Qxf5 gxf5 64. h4
Rd7 65. Bc5 Rd3 66. Bf1 Rc3 67. Bd4 Rc2+ 68. Kh3 Kg6 69. Be3 Ra2 70. Bf4 Ra1 71.
Bd3 Ra3 72. Be2 Ra1 73. h5+ Kh7 74. Kg2 Ra2 75. Kf3 Ra3+ 76. Be3 Kg7 77. Kf4 Ra5
78. Bb6 Re5 79. Bf3 Rb5 80. Bd4 Rb4 81. Ke3 Rb3+ 82. Ke2 Ra3 83. Bc5 Rc3 84. Bd4
Ra3 85. Kf2 Ra2+ 86. Be2 Ra4 87. Ke3 Ra3+ 88. Kf2 Ra4 89. Be3 Ra3 90. Kf3 Rb3
91. Bc4 Rb4 92. Bd3 Ra4 93. Bxf5 Ra5 94. g4 Rb5 95. Bd4 Kh6 96. Bd3 Rb4 97. Bc5
Rb3 98. Be3+ Kg7 99. h6+ Kh8 100. Be4 Rb4 101. Kf4 Ra4 102. Bc5 Ra1 103. Bd4 Ra6
104. g5 Kg8 105. Bxf6 1-0

[Event "Women's World Rapid Championship 2012"]
[Site "Batumi GEO"]
[Date "2012.06.01"]
[Round "6.15"]
[White "Klinova, Masha"]
[Black "Mkrtchian, Lilit"]
[Result "0-1"]
[WhiteTitle "IM"]
[BlackTitle "IM"]
[WhiteElo "2318"]
[BlackElo "2449"]
[WhiteFideId "2802015"]
[BlackFideId "13300601"]
[EventDate "2012.05.31"]

1. e4 c5 2. Nf3 Nc6 3. Bb5 Na5 4. b3 a6 5. Be2 b5 6. O-O Bb7 7. d3 e6 8. Bb2 Nf6
9. a4 b4 10. Nbd2 Be7 11. Re1 O-O 12. e5 Nd5 13. Nc4 Nxc4 14. dxc4 Nf4 15. Bd3
Nxd3 16. Qxd3 Qc7 17. Rad1 Rad8 18. Qe3 Qc6 19. Rd3 d6 20. exd6 Rxd6 21. Rxd6
Qxd6 22. Ne5 f6 23. Nd3 e5 24. f3 Rd8 25. Rd1 Qe6 26. Nf2 Rxd1+ 27. Nxd1 Qf5 28.
Qf2 e4 29. Ne3 Qf4 30. fxe4 Qxe4 31. Qd2 h5 32. Nd5 Bd6 33. h3 h4 34. c3 Be5 35.
cxb4 Qb1+ 36. Qc1 Qxb2 37. Qxb2 Bxb2 38. Kf1 Bxd5 39. cxd5 cxb4 0-1

[Event "Women's World Rapid Championship 2012"]
[Site "Batumi GEO"]
[Date "2012.06.01"]
[Round "6.16"]
[White "Khotenashvili, Bela"]
[Black "Lomineishvili, Maia"]
[Result "1/2-1/2"]
[WhiteTitle "IM"]
[BlackTitle "IM"]
[WhiteElo "2500"]
[BlackElo "2366"]
[WhiteFideId "13602640"]
[BlackFideId "13600656"]
[EventDate "2012.05.31"]

1. Nf3 Nf6 2. c4 g6 3. Nc3 Bg7 4. g3 O-O 5. Bg2 d6 6. O-O Nc6 7. d4 e5 8. d5 Ne7
9. e4 Ne8 10. Ne1 f5 11. Nd3 Nf6 12. f3 c5 13. dxc6 bxc6 14. c5 dxc5 15. Nxc5
Qd4+ 16. Qxd4 exd4 17. Ne2 fxe4 18. fxe4 d3 19. Nf4 Ng4 20. Nfxd3 Bd4+ 21. Kh1
Nf2+ 22. Nxf2 Bxc5 23. Nd3 Rxf1+ 24. Bxf1 Bd4 25. Bg5 Kf7 26. Nf4 Bxb2 27. Bc4+
Ke8 28. Rb1 Be5 29. Nd3 Rb8 30. Rf1 Bd6 31. Bh6 Bg4 32. e5 Nf5 33. exd6 Nxh6 34.
Ne5 Bh3 35. Re1 Kf8 36. Nxc6 Rb6 37. Bd5 Bd7 38. Rd1 Ng4 39. Rf1+ Ke8 40. Bf7+
Kf8 41. Be6+ Ke8 42. Bf7+ Kf8 43. Be6+ Ke8 44. Bf7+ Kf8 45. Bxg6+ Kg7 46. Rf7+
Kxg6 47. Rxd7 Rxc6 48. Rxa7 Rxd6 49. h3 Ne3 50. Kg1 Rd2 51. Ra6+ Kf5 52. Ra7 h5
53. g4+ hxg4 54. hxg4+ Kf4 55. Rb7 Kg3 56. Rb1 Rxa2 57. g5 Ra5 58. g6 Rg5 59.
Rb6 Kf3+ 60. Kh1 Kf2 61. Rb2+ Kg3 62. Rb3 Kf3 63. Rb6 Ng4 64. Rb3+ Kf4 65. Rb4+
Kg3 66. Rb3+ Kh4 67. Kg2 Rxg6 68. Kf3 Re6 69. Kf4 Rf6+ 70. Ke4 Rf8 71. Rb7 Kg3
72. Rb3+ Kg2 73. Rb2+ Nf2+ 74. Kd5 Kf3 75. Rb4 Rd8+ 76. Ke6 Ne4 77. Rb1 Re8+ 78.
Kd7 Nf6+ 79. Kd6 Kf4 80. Rf1+ Kg5 81. Rg1+ Kf5 82. Rf1+ Kg6 83. Rg1+ Kf7 84. Rf1
Rd8+ 85. Kc5 Ke6 86. Re1+ Kf5 87. Re7 Ne4+ 88. Kc6 Rd6+ 89. Kc7 Ra6 90. Kb7 Nc5+
91. Kb8 Kf6 92. Re1 Rc6 93. Re2 Ne6 94. Kb7 Rc1 95. Rh2 Ke7 96. Kb6 Kd6 97. Rd2+
Ke5 98. Rh2 Nd4 99. Rh8 Rc6+ 100. Ka5 Kd5 101. Kb4 Rc4+ 102. Ka3 Rc3+ 103. Kb4
Rb3+ 104. Ka5 Nc6+ 105. Ka4 Rb1 106. Ka3 Kc4 107. Rc8 Rb6 108. Rh8 Rb3+ 109. Ka4
Rb7 110. Ka3 Nd4 111. Rc8+ Kd3 112. Ka4 Nb5 113. Ka5 Nd4 114. Ka6 Rb1 115. Ka5
Ne6 116. Rc6 Ra1+ 117. Kb6 Rb1+ 118. Ka5 Nd4 119. Rc8 Ke4 120. Ka6 Kd5 121. Rh8
Ne6 122. Ka5 Kc5 123. Rc8+ Kd6 124. Rh8 Nc7 1/2-1/2

[Event "Women's World Rapid Championship 2012"]
[Site "Batumi GEO"]
[Date "2012.06.01"]
[Round "6.18"]
[White "Matnadze, Ana"]
[Black "Ding, Yixin"]
[Result "0-1"]
[WhiteTitle "IM"]
[BlackTitle "WGM"]
[WhiteElo "2446"]
[BlackElo "2353"]
[WhiteFideId "13601377"]
[BlackFideId "8602972"]
[EventDate "2012.05.31"]

1. d4 Nf6 2. g3 g6 3. Bg2 d5 4. Nf3 Bg7 5. O-O O-O 6. c4 dxc4 7. Na3 c6 8. Nxc4
Be6 9. b3 Bd5 10. Bb2 a5 11. Ne3 Be4 12. a3 Nbd7 13. Nc4 Qc7 14. Rc1 Rfd8 15. e3
Nb6 16. Nce5 Bd5 17. a4 Nfd7 18. Nc4 Nxc4 19. bxc4 Be4 20. Ba3 c5 21. d5 e6 22.
Nd2 Bxg2 23. Kxg2 Nb6 24. e4 Qd7 25. Bxc5 Nxa4 26. Ba3 Nc3 27. Qf3 b5 28. cxb5
Nxb5 29. Nc4 exd5 30. Nb6 Qb7 31. Nxd5 Nxa3 32. Rc7 Qb2 33. Qxf7+ Kh8 34. Rb7
Qd4 35. f3 Nc4 36. Rd1 Qe5 37. Ra7 a4 38. Rb1 Nd6 39. Qc7 Rac8 40. Qa5 Rc2+ 41.
Kh1 Rdc8 42. Ra8 Qh5 43. Rxc8+ Rxc8 44. g4 Qh3 45. Nf4 Qxf3+ 46. Ng2 a3 47. e5
Ne4 48. e6 Nf2+ 49. Kg1 Nh3+ 50. Kh1 Nf4 51. Rg1 Nxg2 0-1

[Event "Women's World Rapid Championship 2012"]
[Site "Batumi GEO"]
[Date "2012.06.01"]
[Round "6.19"]
[White "Batsiashvili, Nino"]
[Black "Purtseladze, Maka"]
[Result "1-0"]
[WhiteTitle "WGM"]
[BlackTitle "IM"]
[WhiteElo "2436"]
[BlackElo "2348"]
[WhiteFideId "13602993"]
[BlackFideId "13602659"]
[EventDate "2012.05.31"]

1. d4 Nf6 2. Nc3 d5 3. Bg5 Nbd7 4. e3 g6 5. f4 Bg7 6. Nf3 O-O 7. Bd3 b6 8. Ne5
Bb7 9. Qf3 c5 10. O-O a6 11. a4 Qc7 12. Rad1 e6 13. Qh3 cxd4 14. exd4 Ne4 15.
Bxe4 dxe4 16. Bh6 f5 17. Bxg7 Kxg7 18. Qe3 Nxe5 19. dxe5 Rfd8 20. Rf2 b5 21.
Rfd2 b4 22. Ne2 Bd5 23. Nd4 Rdc8 24. Qf2 Qe7 25. Re1 Rc4 26. h3 Rac8 27. Red1 b3
28. cxb3 Rc1 29. Qe3 Qb4 30. Kh2 h5 31. Qg3 Qe7 32. Nxf5+ exf5 33. Rxd5 Rxd1 34.
Rxd1 Rc2 35. Qe3 Kh6 36. Rd6 Rxb2 37. Qg3 Qf7 38. Qg5+ Kh7 39. e6 Qf8 40. e7 Qe8
41. Qxg6+ Qxg6 42. Rxg6 1-0

[Event "Women's World Rapid Championship 2012"]
[Site "Batumi GEO"]
[Date "2012.06.01"]
[Round "6.20"]
[White "Charkhalashvili, Inga"]
[Black "Khukhashvili, Sopiko"]
[Result "0-1"]
[WhiteTitle "WGM"]
[BlackTitle "IM"]
[WhiteElo "2334"]
[BlackElo "2414"]
[WhiteFideId "13601431"]
[BlackFideId "13602055"]
[EventDate "2012.05.31"]

1. d4 Nf6 2. c4 e6 3. Nf3 Nc6 4. g3 d5 5. Bg2 dxc4 6. Qa4 Bb4+ 7. Bd2 Nd5 8. Ne5
Bd7 9. Nxd7 Qxd7 10. e3 a6 11. O-O Bxd2 12. Nxd2 b5 13. Qd1 O-O 14. Ne4 Rfd8 15.
Nc5 Qe8 16. Qe2 Nce7 17. Rfc1 c6 18. a4 Nb6 19. Qe1 Ned5 20. Qa5 Nd7 21. Ne4 Qf8
22. Qe1 Rdc8 23. Qd2 h6 24. Nc3 N7b6 25. a5 Nd7 26. Ne4 f5 27. Nc3 N7f6 28. Qe2
Rd8 29. Re1 Nb4 30. Red1 Rac8 31. Rd2 Nd3 32. b3 Qb4 33. Nd1 Qxb3 34. Rc2 Qb4
35. Nc3 Qf8 36. e4 f4 37. Bh3 Re8 38. Qf3 Nh7 39. Bf1 Ng5 40. Qd1 fxg3 41. fxg3
Nf3+ 42. Kh1 Nxd4 43. Bxd3 cxd3 44. Rd2 Nc2 45. Rb1 Ne3 46. Qh5 Rcd8 47. Re1 Nc4 0-1

[Event "Women's World Rapid Championship 2012"]
[Site "Batumi GEO"]
[Date "2012.06.01"]
[Round "6.21"]
[White "Cori T., Deysi"]
[Black "Mammadova, Gulnar"]
[Result "0-1"]
[WhiteTitle "WGM"]
[BlackTitle "WIM"]
[WhiteElo "2386"]
[BlackElo "2345"]
[WhiteFideId "3801934"]
[BlackFideId "13403508"]
[EventDate "2012.05.31"]

1. d4 d5 2. Nf3 Nf6 3. c4 c6 4. Qc2 e6 5. g3 Bd6 6. Bg2 O-O 7. Nbd2 Nbd7 8. O-O
e5 9. cxd5 cxd5 10. dxe5 Nxe5 11. Nxe5 Bxe5 12. Nf3 Bd6 13. Rd1 Be6 14. Nd4 Be5
15. e4 Qb6 16. Nf3 Rac8 17. Qb3 Bc7 18. Be3 Qxb3 19. axb3 dxe4 20. Nd4 Bg4 21.
Re1 Bb6 22. Nb5 Bxe3 23. Rxe3 Rc2 24. h3 Bd7 25. Nd6 Rxb2 26. Nxb7 Be6 27. Nc5
Rc8 28. Rc3 Nd5 29. Rcc1 e3 30. Nd3 exf2+ 31. Nxf2 Rxc1+ 32. Rxc1 g6 33. Ng4 Kg7
34. Rc5 Ne7 35. Rc7 Nf5 36. Ne5 Ne3 37. Bc6 a5 38. Be8 Rg2+ 39. Kh1 Bd5 40. Bc6
Rc2+ 41. Kg1 Bxb3 42. Rb7 Be6 43. Nxf7 Bxf7 44. Be8 Rg2+ 45. Kh1 Rf2 46. Re7 Nd5
47. Ra7 Kf8 48. Bxf7 Rxf7 49. Rxa5 Ne3 50. Re5 Nf5 51. Kg2 Re7 52. Ra5 Kf7 53.
Kf3 Nd4+ 54. Kf4 Kf6 0-1

[Event "Women's World Rapid Championship 2012"]
[Site "Batumi GEO"]
[Date "2012.06.01"]
[Round "6.22"]
[White "Arabidze, Meri"]
[Black "Bezgodova, Svetlana"]
[Result "1-0"]
[WhiteTitle "WIM"]
[BlackTitle "WIM"]
[WhiteElo "2351"]
[BlackElo "2120"]
[WhiteFideId "13604040"]
[BlackFideId "4110650"]
[EventDate "2012.05.31"]

1. d4 Nf6 2. c4 d6 3. Nc3 Nbd7 4. Nf3 c6 5. e4 e5 6. Be2 Be7 7. O-O O-O 8. b3 a6
9. Qc2 b5 10. c5 exd4 11. Nxd4 Bb7 12. cxd6 Bxd6 13. Nf5 Bb8 14. f4 b4 15. Na4
c5 16. e5 Nxe5 17. fxe5 Bxe5 18. Bg5 Bxa1 19. Rxa1 Be4 20. Qxe4 Nxe4 21. Bxd8
Raxd8 22. Bxa6 g6 23. Ng3 Nf6 24. Nxc5 Rfe8 25. Bc4 h5 26. Nf1 h4 27. Nd3 h3 28.
gxh3 Kg7 29. Nxb4 Re5 30. Ng3 Rd2 31. a4 Nh7 32. h4 g5 33. Nd3 Re8 34. Rf1 gxh4
35. Rxf7+ Kh8 36. Nf4 Rd6 37. Nf5 Rd1+ 38. Kf2 Rd2+ 39. Be2 Nf8 40. Rxf8+ Rxf8
41. Ng6+ Kg8 42. Nxf8 Kxf8 43. Ke3 Rb2 44. Nd4 h3 45. a5 Ke7 46. a6 Ra2 47. a7
Kd7 48. Nb5 Kc6 49. Bf3+ 1-0

[Event "Women's World Rapid Championship 2012"]
[Site "Batumi GEO"]
[Date "2012.06.01"]
[Round "6.24"]
[White "Janjghava, Natia"]
[Black "Gurieli, Nino"]
[Result "1-0"]
[WhiteTitle "WIM"]
[BlackTitle "IM"]
[WhiteElo "2306"]
[BlackElo "2329"]
[WhiteFideId "13600389"]
[BlackFideId "13600222"]
[EventDate "2012.05.31"]

1. d4 d6 2. c4 e5 3. dxe5 dxe5 4. Qxd8+ Kxd8 5. Nf3 f6 6. Nc3 Be6 7. b3 Nd7 8.
Bb2 c6 9. O-O-O Kc7 10. g3 h5 11. Nh4 Rh6 12. f4 a5 13. f5 Bf7 14. Bg2 Nc5 15.
Ne4 a4 16. Nxc5 Bxc5 17. Kc2 Ne7 18. Rhf1 Rhh8 19. e4 Rhb8 20. Nf3 b5 21. cxb5
axb3+ 22. axb3 Rxb5 23. Nd2 Rab8 24. Rf3 Bb4 25. Bf1 Rc5+ 26. Nc4 Nd5 27. Kb1
Nb6 28. Nxb6 Rxb6 29. Rfd3 Bd5 30. exd5 e4 31. d6+ Kd7 32. Rd4 Rxf5 33. Rxe4 g5
34. Re7+ Kd8 35. Bc4 Bxd6 36. Re6 c5 37. Rexd6+ Rxd6 38. Rxd6+ Kc7 39. Rxf6 1-0

[Event "Women's World Rapid Championship 2012"]
[Site "Batumi GEO"]
[Date "2012.06.02"]
[Round "7.2"]
[White "Lahno, Kateryna"]
[Black "Wang, Jue"]
[Result "1-0"]
[WhiteTitle "GM"]
[WhiteElo "2546"]
[BlackElo "2364"]
[WhiteFideId "14109336"]
[BlackFideId "8604070"]
[EventDate "2012.05.31"]

1. Nf3 g6 2. e4 c5 3. c4 Bg7 4. d4 cxd4 5. Nxd4 Nc6 6. Be3 Nf6 7. Nc3 d6 8. Be2
O-O 9. O-O Bd7 10. Qd2 Nxd4 11. Bxd4 Bc6 12. f3 a5 13. b3 Nd7 14. Bf2 Nc5 15.
Rab1 Be5 16. Bd1 e6 17. Bc2 f5 18. exf5 gxf5 19. Ne2 f4 20. Nd4 Be8 21. a3 Qe7
22. b4 axb4 23. axb4 Nd7 24. c5 d5 25. Rfe1 Bg6 26. Bxg6 hxg6 27. Re2 Rac8 28.
Rbe1 Qf6 29. b5 Rxc5 30. Nxe6 Bc3 31. Nxf8 Nxf8 32. Qd3 d4 33. Rd1 Ne6 34. Qe4
Kf7 35. Qxb7+ Rc7 36. Qd5 Qf5 37. Re5 Qf6 38. b6 Rc8 39. Qd7+ Qe7 40. Qxc8 d3
41. Rxe6 1-0

[Event "Women's World Rapid Championship 2012"]
[Site "Batumi GEO"]
[Date "2012.06.02"]
[Round "7.4"]
[White "Muzychuk, Anna"]
[Black "Cramling, Pia"]
[Result "1/2-1/2"]
[WhiteTitle "GM"]
[BlackTitle "GM"]
[WhiteElo "2598"]
[BlackElo "2478"]
[WhiteFideId "14111330"]
[BlackFideId "1700030"]
[EventDate "2012.05.31"]

1. e4 c5 2. Nf3 e6 3. d4 cxd4 4. Nxd4 a6 5. Nc3 Qc7 6. Bd3 Nc6 7. Nxc6 dxc6 8.
O-O e5 9. f4 Nf6 10. Kh1 Bd6 11. f5 b5 12. Qe2 c5 13. b3 Bb7 14. Bg5 Be7 15. a4
c4 16. bxc4 bxc4 17. Bxc4 Rc8 18. Bxf6 Qxc4 19. Bxg7 Rg8 20. Bxe5 Qxe2 21. Nxe2
f6 22. Bd4 Bxe4 23. Ng3 Bxc2 24. Rfe1 Kf7 25. Re6 Bb3 26. Rxa6 Rc2 27. Re1 Bd5
28. Ra7 Re8 29. Ne4 Bxe4 30. Rxe4 Rc1+ 31. Bg1 Kf8 32. h4 Rxg1+ 33. Kxg1 Bc5+
34. Kh2 Bxa7 35. Rxe8+ Kxe8 36. g4 h6 37. Kg3 Ke7 38. a5 Bb8+ 39. Kf3 Bc7 40. a6
Bb8 41. Ke4 Kd6 42. g5 fxg5 43. hxg5 hxg5 44. f6 Ke6 45. f7 Kxf7 1/2-1/2